U-5 ELİF KAMPA GİDİYOR (Kayıt no. 1253160)

MARC ayrıntıları
000 -LEADER
sabit uzunluktaki kontrol alanı 00278nam a2200097Ia 4500
001 - KONTROL NUMARASI
kontrol alanı 1253160
005 - EN SON İŞLEMİN TARİH VE ZAMANI
kontrol alanı 20251031150948.0
008 - SABİT-UZUNLUKTA VERİ ÖĞELERİ--GENEL BİLGİ
sabit uzunluktaki kontrol alanı 251031s9999 xx 000 0 und d
245 #0 - ESER / YAZAR
Yazar Adı LIANE SCHNEIDER
ESER ADI U-5 ELİF KAMPA GİDİYOR
260 ## - YAYIN, DAĞITIM, VB.
YAYIN EVİ TÜRKİYE İŞ BANKASI KÜLTÜR YAYINLARI
Mevcut
Düşüm durumu Kayıp durumu Hasar Durumu Ödünç verilmez Ana kütüphane Geçerli Kütüphane Edinilen tarih Toplam ödünç verme sayısı Tam yer numarası Barkod Son görüntüleme tarihi Fiyatın geçerli olmaya başladığı tarih Koha materyal türü
        ŞEHİT BURAK GENÇ CELEP HAVA LOJMAN KÜTÜPHANESİ ŞEHİT BURAK GENÇ CELEP HAVA LOJMAN KÜTÜPHANESİ 30.10.2025   U-5 / GENEL-4 11048690000029419 31.10.2025 31.10.2025 Kitaplar
Gemini Bilgi Teknolojileri A.Ş. tarafından düzenlenmiştir.